ბათუმის შოთა რუსთაველის სახელმწიფო უნივერსიტეტის ბიბლიოთეკა

ჩანაწერი Corporate Name

ჩანაწერთა რაოდენობა, რომელიც გამოყენებულია: 1

001 - CONTROL NUMBER

  • control field: 25555

003 - CONTROL NUMBER IDENTIFIER

  • control field: GE_BSU

005 - DATE AND TIME OF LATEST TRANSACTION

  • control field: 20250627125636.0

008 - FIXED-LENGTH DATA ELEMENTS

  • fixed length control field: 250627|| aca||aabn | a|a d

040 ## - CATALOGING SOURCE

  • Original cataloging agency: GE_BSU
  • Transcribing agency: GE_BSU

110 ## - HEADING--CORPORATE NAME

  • Corporate name or jurisdiction name as entry element: აკაკი წერეთლის სახელმწიფო უნივერსიტეტი.
  • Subordinate unit: ჰუმანიტარულ მეცნიერებათა ფაკულტეტი. ისტორია-არქეოლოგიის დეპარტამენტი. ქართული ფილოლოგიის დეპარტამენტი. ქართველოლოგიის სამეცნიერო-კვლევითი ცენტრი.

670 ## - SOURCE DATA FOUND

  • Source citation: Work cat.: (GE_BSU): ართვინი და ართვინის რეგიონი - წარსული და თანამედროვეობა :